000 00386nam a2200145Ia 4500
008 230917s9999||||xx |||||||||||||| ||und||
040 _e151091
_aMAIN
041 _aEnglish
082 _a294.5933 R141R
100 _aVyas , Lallan Prasad, ed.
245 0 _aRamayana and the new challenges
260 _aNew Delhi
_bB R Publishing Corporation
_c2001
300 _a163 p.
942 _cBK
999 _c155013
_d155013